000 01804nam0a2200409 4500
001 RU\NLR\BIBL_A\012643378
005 20211221152827.0
010 _a978-5-04-118369-1
_93000
021 _aRU
_bКН-П-21-046577
_9КН-П-21-3671
035 _a(NLR Aleph) 012643378
090 _a12702922
_c12702922
100 _a20211116d2021 c y0rusy50 ca
101 0 _arus
_cita
102 _aRU
105 _aa|||z|||000ay
181 0 _ai
_baxxe
181 0 _ab1
_bbb2e
182 0 _an
200 1 _aУлла Лемминг
_iОперация "Ледяная гора"
_e[для детей младшего школьного возраста]
_fАнна Казалис, Маттео Лупателли
_g[иллюстрации: Маттео Лупателли
_gперевод с итальянского Л. В. Золоевой]
203 _aТекст
_aИзображение
_bвизуальный
_cнепосредственный
210 _aМосква
_c#эксмодетство
_cЭксмо
_d2021
215 _a141, [7] с.
_cцв. ил.
_d23
225 1 _aУлла Лемминг
_iПланета в надежных лапках
300 _aЗагл. обл.: Операция "Ледяная гора"
320 _aДр. произведения авт. в конце кн.
333 _a6+
512 1 _aОперация "Ледяная гора"
686 0 _aШ9(4Ит)60-4
700 1 _7ca
_8rus
_aКазалис
_bА.
_f1953-
_gАнна
_9200408
_3RU\NLR\AUTH\770200459
701 1 _aЛупателли
_bМ.
_gМаттео
702 1 _aЛупателли
_bМ.
_gМаттео
_4040
942 _cBOOK
980 _aNB